All Countries bombed by the United Kingdom Timeline - Statistics

General Stats
  • This quiz has been taken 8 times
  • The average score is 7 of 41
Answer Stats
Year Answer % Correct
1940 Germany
60%
1919-1920 Afghanistan
40%
1940 Belgium
40%
1940 France
40%
1944 Germany
40%
1945 Germany
40%
1941 Italy
40%
1940 Netherlands
40%
1919-1920 Somalia
40%
2001-2014 Afghanistan
20%
1982 Argentina
20%
1995 Croatia
20%
1942-1943 Germany
20%
1920-1932 Iraq
20%
1991 Iraq
20%
2003-2011 Iraq
20%
1948-1949 Israel
20%
1942-1943 Italy
20%
1945 Japan
20%
2011 Libya
20%
1999 Montenegro
20%
1940 Norway
20%
1999 Serbia
20%
2014 Syria
20%
1944 Austria
0%
1994-1995 Bosnia and Herzegovina
0%
1950-1956 Egypt
0%
1944 France
0%
1983 Grenada
0%
1945 Indonesia
0%
1950-1956 Kenya
0%
1984 Lebanon
0%
1942-1943 Libya
0%
1941 Malaysia
0%
1941 Myanmar
0%
1942-1943 Myanmar
0%
2004-2010 Pakistan
0%
1944 Poland
0%
2026 Somalia
0%
1920-1930 Sudan
0%
2015 Yemen
0%
No matching quizzes found
Score Distribution
Percent of People with Each Score
Percentile by Number Answered
Your Score History
You have not taken this quiz